| 000 | 01339cam a22003614a 4500 | ||
|---|---|---|---|
| 001 | 13520022 | ||
| 003 | OSt | ||
| 005 | 20140310184344.0 | ||
| 008 | 040312s2005 nyua j 000 0 eng | ||
| 010 | _a 2004006019 | ||
| 020 | _a0439866685 | ||
| 020 | _a0060544600 (lib. bdg.) | ||
| 040 |
_aDLC _cDLC _dDLC |
||
| 042 | _apcc | ||
| 050 | 0 | 0 |
_aQL 737.P96 _b.T56 2006 |
| 100 | 1 |
_aThomson, Sarah L. _923801 |
|
| 245 | 1 | 0 |
_aAmazing gorillas! / _cwritten by Sarah L. Thomson ; photographs provided by the Wildlife Conservation Society. |
| 250 | _a1st ed. | ||
| 260 |
_aNew York, NY : _bHarperCollins, _c2006. |
||
| 300 |
_a32 p. : _bcol. ill. ; _c23 cm. |
||
| 440 | 3 |
_aAn I can read book _93940 |
|
| 521 | _aG4 | ||
| 526 | _c670 | ||
| 650 | 0 |
_aGorilla _vJuvenile literature. _924689 |
|
| 710 | 2 |
_aWildlife Conservation Society (New York, N.Y.) _923803 |
|
| 856 | 4 | 2 |
_3Contributor biographical information _uhttp://www.loc.gov/catdir/enhancements/fy0910/2004006019-b.html |
| 856 | 4 | 2 |
_3Publisher description _uhttp://www.loc.gov/catdir/enhancements/fy0910/2004006019-d.html |
| 906 |
_a7 _bcbc _corignew _d1 _eecip _f20 _gy-gencatlg |
||
| 942 |
_2lcc _cBK-SCHOLAS |
||
| 999 |
_c33851 _d33851 |
||